Financie mesačník vydavateľstva Ecopress

Guardado en:
Detalles Bibliográficos
Formato: Seriadas
Lenguaje:eslovaco
Publicado: Bratislava ECOPRESS 2006
Materias:
Etiquetas: Agregar Etiqueta
Sin Etiquetas, Sea el primero en etiquetar este registro!

MARC

LEADER 00000nas2a2200000$$$4500
001 0109418
005 20100127141547.3
022 |a 1337-0146 
041 0 |a slo 
044 |a SK 
245 1 0 |a Financie  |b mesačník vydavateľstva Ecopress 
264 1 |a Bratislava  |b ECOPRESS  |c 2006 
773 0 |w eu_un_cat*0049513 
610 2 0 |a financie 
610 2 0 |a trh finančný 
610 2 0 |a trh kapitálový 
610 2 0 |a politika menová